|
|
|
|
| LEADER |
00000nam a22000007a 4500 |
| 005 |
20210413221043.0 |
| 007 |
cr|||| |||| |
| 008 |
210413c19949999ea n|w s|||| 0|||b1eng d |
| 022 |
|
|
|a 0969-6016
|
| 035 |
|
|
|a 32885
|
| 040 |
|
|
|a vLex
|
| 090 |
|
|
|c 11441
|d 11441
|
| 245 |
0 |
0 |
|a International Transactions in Operational Research
|h [Recurso electrn̤ico] /
|
| 256 |
|
|
|a Servicio en ln̕ea
|
| 260 |
|
|
|a Hoboken:
|b Wiley,
|c 1994 -
|
| 300 |
|
|
|a 1 recurso electrn̤ico
|
| 310 |
|
|
|a Irregular
|
| 362 |
|
|
|a Nð 1-1 (Ene. 1994) -
|
| 506 |
1 |
|
|a Disponible solo en los productos indicados
|d vLex Global
|d vLex Global (Academic Edition, excluding Law Schools)
|d vLex Global (U.S. Academic Edition, Law Schools)
|d vLex Global (U.S. Academic Edition, excluding Law Schools)
|d vLex Global (Academic Edition, Law Schools)
|
| 650 |
0 |
4 |
|a Derecho Internacional
|z Estados Unidos
|
| 740 |
0 |
|
|a vLex Revistas (Servicio en ln̕ea)
|
| 856 |
4 |
0 |
|u https://vlex.com/source/32885
|z Acceso restringido
|
| 942 |
|
|
|c REV
|
| 999 |
0 |
|
|a International right
|